000 00500nam a22001577a 4500
003 OSt
005 20201105092202.0
008 201103b 2000 00| 0 eng d
040 _aDO-SdBNP
_bspa
_cBNPHU
110 1 _aRepública Dominicana
_9447
240 1 0 _a[Leyes, etc.]
245 1 0 _aLey del derecho de autor no. 65-00 :
_bdel 26 de julio del 2000 promulgada el 21 de agosto del 2000
260 _aSanto Domingo :
_bLibrería Jurídica Virtual,
_c2000.
300 _a80 p.
_c21 cm.
942 _2ddc
_cLBS1
999 _c49021
_d49021